| 000 | 01052nam a22002777a 4500 | ||
|---|---|---|---|
| 003 | dpl | ||
| 005 | 20180907135952.0 | ||
| 008 | 180907b xxu||||| |||| 00| 0 eng d | ||
| 010 | _aB-157896 | ||
| 020 |
_c140.00 _a8186803939 |
||
| 035 | _aB-157896, B-053206 | ||
| 037 | _bCen Lib/Ret | ||
| 040 |
_aDPL _bHN _c0 |
||
| 082 |
_aउ _bपाण्डेय |
||
| 100 |
_aपाण्डेय, वीरेन्द्र _944529 |
||
| 245 |
_aमीना महल / _cवीरेन्द्र पाण्डेय |
||
| 246 |
_aMina mahal / _bby Virendra Panday |
||
| 260 |
_aजयपुर _bनेशनल पब्लिशिंग हाउस _c2001 |
||
| 270 |
_a337, चौड़ा रास्ता _bजयपुर _e302003 |
||
| 300 |
_avi, 130पृ. _c21सेमी (सजिल्द) |
||
| 650 |
_aहिन्दी साहित्य _960742 |
||
| 650 |
_aउपन्यास _960743 |
||
| 650 |
_aHindi literature _960744 |
||
| 650 |
_aFiction _98901 |
||
| 942 |
_2ddc _cHN _hउ _mपाण्डेय |
||
| 999 |
_c115288 _d115288 |
||